000 01866cam a2200325 a 4500
001 17388921
003 OSt
005 20210916113528.0
008 120713s2013 njua b 001 0 eng
010 _a 2012028595
020 _a9781118184905
035 _a(DNLM)101588239
040 _aDNLM/DLC
_cDLC
_bCO-JMCR
041 0 _aspa
082 0 4 _a338.433621 /
_bG394h
_223
100 1 _aGetzen, Thomas E.
_eautor
_940530
245 1 0 _aHealth economics and financing /
_cThomas E. Getzen.
250 _aFifth edition
260 _aHoboken :
_bJohn Wiley & Sons,
_cc2013.
300 _axxvii, 468 pages :
_billustrations and graphics in black and white ;
_c27 cm.
504 _aIncludes bibliographical references and index.
505 0 _aChoices: Money, Medicine, and Health. -- Demand and Supply . -- Cost-Benefit and Cost-Effectiveness Analysis. -- Health Insurance: Financing Medical Care. -- Insurance Contracts and Managed Care. -- Physicians. -- Medical Education, Organization, and Business Practices. -- Hospitals. -- Management and Regulation of Hospital Costs. -- Long-Term Care. -- Pharmaceuticals. -- Financing and Ownership of Health Care Providers. -- Macroeconomics of Medical Care. -- The Role of Government and Public Goods. -- History, Demography, and the Growth of Modern Medicine. -- International Comparisons of Health and Health. -- Expenditures. -- Economic Evaluation of Health Policy: The Patient Protection and Affordable Care Act of 2010. -- Value for Money in the Future of Health Care.
650 1 4 _aMedical economics.
_940531
650 2 4 _aMedical care, Cost of.
_940532
650 2 4 _aFlow of funds.
_940533
650 1 2 _aEconomics, Medical
_zUnited States.
_940534
650 2 2 _aDelivery of Health Care
_xeconomics
_zUnited States.
_940535
650 2 2 _aHealth Care Reform
_xeconomics
_zUnited States.
_940536
942 _2ddc
_cBK
999 _c12483
_d12483